[Event "Warsaw Szansa blitz op"]
[Site "Warsaw"]
[Date "2023.09.16"]
[Round "1"]
[White "Gluszko, Monika"]
[Black "Bartel, Mateusz"]
[Result "0-1"]
[WhiteElo "1915"]
[BlackElo "2621"]
[PlyCount "46"]
[EventDate "2023.09.16"]
[EventType "swiss (blitz)"]
[EventRounds "13"]
[EventCountry "POL"]
[SourceTitle "EXT 2024"]
[Source "ChessBase"]
[SourceDate "2023.10.10"]
[SourceVersion "1"]
[SourceVersionDate "2023.10.10"]
[SourceQuality "1"]

1. e4 c5 2. Nf3 d6 3. d4 cxd4 4. Nxd4 Nf6 5. Nc3 Nc6 6. Be2 g6 7. Be3 Bg7 8. f3 0-0 9. Qd2 d5 10. exd5 Nxd5 11. Nxd5 Qxd5 12. Nxc6 Qxc6 13. 0-0-0 Be6 14. Qa5 Rfc8 15. Rd2 Bf5 16. c3 Bxc3 17. bxc3 Qxc3+ 18. Qxc3 Rxc3+ 19. Kb2 Rxe3 20. Rhd1 Kg7 21. g4 Be6 22. f4 Re4 23. Bf3 Rxf4 0-1

[Event "POL-chT 2nd League"]
[Site "Jastrzebia Gora"]
[Date "2023.09.07"]
[Round "6.72"]
[White "Gluszko, Monika"]
[Black "Matskevich, Varvara"]
[Result "1-0"]
[WhiteElo "1915"]
[BlackElo "1690"]
[PlyCount "61"]
[EventDate "2023.09.02"]
[EventType "team-swiss"]
[EventRounds "9"]
[EventCountry "POL"]
[SourceTitle "EXT 2024"]
[Source "ChessBase"]
[SourceDate "2023.10.10"]
[SourceVersion "1"]
[SourceVersionDate "2023.10.10"]
[SourceQuality "1"]
[WhiteTeam "Warszawa Mogalo"]
[BlackTeam "Warszawa Czternastka"]
[WhiteTeamCountry "POL"]
[BlackTeamCountry "POL"]

1. e4 c5 2. Nf3 Nc6 3. d4 cxd4 4. Nxd4 Qb6 5. Nb3 Nf6 6. Nc3 e6 7. Bd3 Bb4 8. 0-0 0-0 9. Be3 Qd8 10. f4 d5 11. e5 Nd7 12. Nb5 a6 13. N5d4 Nxd4 14. Bxd4 g6 15. Qg4 Qe7 16. Rf3 f5 17. exf6 Nxf6 18. Qg5 Nh5 19. Qh6 Nf6 20. Bxg6 Ng4 21. Bxh7+ Qxh7 22. Qg5+ Kf7 23. Qxg4 Rg8 24. Rh3 Qxc2 25. Qh5+ Qg6 26. Qxg6+ Rxg6 27. Rh7+ Kg8 28. Rh8+ Kf7 29. Rc1 Rg8 30. Rc7+ Kf8 31. Bg7+ 1-0

[Event "POL-chT 2nd League"]
[Site "Jastrzebia Gora"]
[Date "2023.09.06"]
[Round "5.84"]
[White "Kicinska, Magdalena"]
[Black "Gluszko, Monika"]
[Result "0-1"]
[WhiteElo "1499"]
[BlackElo "1915"]
[PlyCount "70"]
[EventDate "2023.09.02"]
[EventType "team-swiss"]
[EventRounds "9"]
[EventCountry "POL"]
[SourceTitle "EXT 2024"]
[Source "ChessBase"]
[SourceDate "2023.10.10"]
[SourceVersion "1"]
[SourceVersionDate "2023.10.10"]
[SourceQuality "1"]
[WhiteTeam "Grodzisk Szachowa Dwojka"]
[BlackTeam "Warszawa Mogalo"]
[WhiteTeamCountry "POL"]
[BlackTeamCountry "POL"]

1. d4 Nf6 2. Nf3 g6 3. c4 Bg7 4. g3 0-0 5. Bg2 d5 6. cxd5 Nxd5 7. 0-0 Nb6 8. Nc3 Na6 9. Qc2 Bf5 10. e4 Bg4 11. d5 c6 12. dxc6 Nb4 13. Qb3 Nxc6 14. Be3 Qd3 15. Rfd1 Qc4 16. Bxb6 Qxb3 17. axb3 axb6 18. h3 Bxf3 19. Bxf3 Nd4 20. Bg2 Nxb3 21. Rxa8 Rxa8 22. Rd7 Nc5 23. Rxe7 Bf6 24. Rc7 Be5 25. Rxc5 bxc5 26. f4 Bxc3 27. bxc3 Ra1+ 28. Kf2 Rc1 29. e5 b6 30. g4 Rxc3 31. h4 b5 32. Be4 b4 33. Ke2 Rg3 34. g5 b3 35. Kd2 c4 0-1

[Event "Warsaw Maciei Memorial"]
[Site "Warsaw"]
[Date "2023.07.10"]
[Round "2"]
[White "Gluszko, Monika"]
[Black "Kopczynski, Michal"]
[Result "0-1"]
[WhiteElo "1915"]
[BlackElo "2225"]
[PlyCount "44"]
[EventDate "2023.07.10"]
[EventType "swiss (blitz)"]
[EventRounds "11"]
[EventCountry "POL"]
[SourceTitle "CBM 215 Extra"]
[Source "ChessBase"]
[SourceDate "2023.09.30"]
[SourceVersion "1"]
[SourceVersionDate "2023.09.30"]
[SourceQuality "1"]

1. e4 b6 2. d4 Bb7 3. Nc3 e6 4. Bd3 Nf6 5. f4 d5 6. e5 Ne4 7. Nge2 c5 8. Bb5+ Nd7 9. Nxe4 dxe4 10. 0-0 a6 11. Bxd7+ Qxd7 12. Be3 cxd4 13. Nxd4 Bc5 14. c3 0-0 15. Qh5 a5 16. Rad1 f5 17. Nxf5 Rxf5 18. Rxd7 Bxe3+ 19. Kh1 Rxh5 20. Rxb7 Rf8 21. g3 Rxe5 22. Kg2 Rd5 0-1

[Event "POL-chT 2nd League"]
[Site "Poronin"]
[Date "2020.09.06"]
[Round "2.10"]
[White "Gluszko, Monika"]
[Black "Krzywnicka, Maria"]
[Result "0-1"]
[WhiteElo "1939"]
[BlackElo "1867"]
[PlyCount "102"]
[EventDate "2020.09.05"]
[EventType "team-swiss"]
[EventRounds "9"]
[EventCountry "POL"]
[SourceTitle "CBM 198 Extra"]
[Source "ChessBase"]
[SourceDate "2020.11.30"]
[SourceVersion "1"]
[SourceVersionDate "2020.11.30"]
[SourceQuality "1"]
[WhiteTeam "Myslenice MLKSz"]
[BlackTeam "Koszalin Hetman Politechnika"]
[WhiteTeamCountry "POL"]
[BlackTeamCountry "POL"]

1. e4 c5 2. Nf3 d6 3. d4 Nf6 4. Nc3 cxd4 5. Nxd4 a6 6. h3 e5 7. Nde2 h5 8. g3 Be7 9. a4 b6 10. Bg2 Bb7 11. 0-0 Nbd7 12. Nd5 Nxd5 13. exd5 0-0 14. f4 Rc8 15. fxe5 Nxe5 16. Nf4 h4 17. Be4 Rc4 18. Qe2 g6 19. b3 Rc3 20. Be3 Qc8 21. gxh4 Bxh4 22. Bd4 Rg3+ 23. Kh2 Rg5 24. Rg1 Re8 25. Nh5 Qd8 26. Bxb6 Qxb6 27. Nf6+ Kh8 28. Nxe8 Qd8 29. Rxg5 Bxg5 30. Nxd6 Qxd6 31. Rd1 Ng4+ 32. Kh1 Nf6 33. Bg2 Nh5 34. Qe8+ Kg7 35. c4 Nf4 36. Re1 Nd3 37. Rf1 Bf6 38. Rf3 Nc5 39. b4 Nd7 40. Rf1 Ne5 41. c5 Qd8 42. Qxd8 Bxd8 43. d6 Bc8 44. c6 a5 45. b5 Bb6 46. c7 f5 47. Bc6 Kf6 48. Rd1 Ke6 49. Be8 g5 50. h4 gxh4 51. Kh2 Ng4+ 0-1

[Event "POL-chT 2nd League"]
[Site "Jastrzebia Gora"]
[Date "2016.09.11"]
[Round "9.60"]
[White "Gluszko, Monika"]
[Black "Gorczyca, Aleksandra"]
[Result "1/2-1/2"]
[WhiteElo "1923"]
[BlackElo "2106"]
[PlyCount "138"]
[EventDate "2016.09.03"]
[EventType "team-swiss"]
[EventRounds "9"]
[EventCountry "POL"]
[SourceTitle "EXT 2017"]
[Source "ChessBase"]
[SourceDate "2016.10.25"]
[SourceVersion "1"]
[SourceVersionDate "2016.10.25"]
[SourceQuality "1"]
[WhiteTeam "Zielonka Zieloni"]
[BlackTeam "Ruda Slaska KS DORS"]
[WhiteTeamCountry "POL"]
[BlackTeamCountry "POL"]

1. e4 d5 2. exd5 Qxd5 3. Nc3 Qd6 4. Bc4 Nf6 5. d3 g6 6. Qf3 Bg7 7. Nge2 c6 8. Ne4 Qd8 9. Nxf6+ Bxf6 10. Bh6 Qa5+ 11. c3 Nd7 12. d4 Nb6 13. Bb3 Qf5 14. Nf4 Bd7 15. h4 0-0-0 16. 0-0-0 e5 17. dxe5 Bxe5 18. Rhe1 Rhe8 19. Bc2 Qg4 20. Qxg4 Bxg4 21. f3 Rxd1+ 22. Rxd1 Bd7 23. Bb3 Bxf4+ 24. Bxf4 Be6 25. Bxe6+ Rxe6 26. Bg5 f6 27. Bh6 c5 28. b3 c4 29. Rd4 cxb3 30. axb3 Re2 31. g4 Rh2 32. g5 f5 33. Bf8 Rh3 34. Be7 Rxf3 35. Rd8+ Kc7 36. Rh8 Rxc3+ 37. Kb2 Rh3 38. Rxh7 Nd7 39. h5 gxh5 40. g6 Rg3 41. g7 f4 42. Bf8 f3 43. Rxh5 Nf6 44. Rf5 Ne8 45. Rxf3 Rg2+ 46. Kc3 Kc6 47. Rf7 Rg3+ 48. Kc2 Rg2+ 49. Kc3 Rg3+ 50. Kb2 Rg2+ 51. Ka3 a6 52. b4 Rg3+ 53. Kb2 b6 54. Re7 Nc7 55. Re3 Rg2+ 56. Kb3 a5 57. Rh3 Ne8 58. Rh6+ Kd5 59. b5 Rg3+ 60. Kb2 Rg2+ 61. Kc3 Rg3+ 62. Kd2 Nxg7 63. Rxb6 Kc4 64. Rb8 Ne6 65. b6 Rd3+ 66. Kc2 Rc3+ 67. Kb2 Rb3+ 68. Ka2 a4 69. b7 Kd5 1/2-1/2

[Event "POL-chT 2nd League"]
[Site "Jastrzebia Gora"]
[Date "2016.09.03"]
[Round "1.18"]
[White "Majdan, Joanna"]
[Black "Gluszko, Monika"]
[Result "1-0"]
[WhiteElo "2362"]
[BlackElo "1923"]
[PlyCount "81"]
[EventDate "2016.09.03"]
[EventType "team-swiss"]
[EventRounds "9"]
[EventCountry "POL"]
[SourceTitle "EXT 2017"]
[Source "ChessBase"]
[SourceDate "2016.10.25"]
[SourceVersion "1"]
[SourceVersionDate "2016.10.25"]
[SourceQuality "1"]
[WhiteTeam "Pegow Wieza"]
[BlackTeam "Zielonka Zieloni"]
[WhiteTeamCountry "POL"]
[BlackTeamCountry "POL"]

1. e4 c5 2. Nf3 d6 3. d4 cxd4 4. Nxd4 Nf6 5. Nc3 g6 6. Be3 Bg7 7. f3 0-0 8. Qd2 Nc6 9. Bc4 Nxd4 10. Bxd4 Be6 11. Bb3 Qa5 12. Rd1 b5 13. a3 Rac8 14. h4 h5 15. Qg5 Bxb3 16. cxb3 e5 17. b4 Qc7 18. Bf2 a6 19. Qd2 Rfd8 20. Be3 Qc4 21. Kf2 Qb3 22. Bg5 Rd7 23. Rhe1 d5 24. Bxf6 Bxf6 25. exd5 Bxh4+ 26. g3 Bf6 27. Rc1 Kg7 28. Kg2 Rh8 29. Re4 h4 30. gxh4 Rxh4 31. Rxh4 Bxh4 32. Rh1 g5 33. Qe2 f6 34. Rd1 Rd8 35. Rd2 Re8 36. Ne4 Qa2 37. Nd6 Rh8 38. Qe3 Kg6 39. Qe4+ Kg7 40. Rc2 Qa1 41. Rc7+ 1-0

[Event "POL-chT U26 rapid"]
[Site "Hucisko"]
[Date "2016.01.16"]
[Round "2.9"]
[White "Polok, Kacper"]
[Black "Gluszko, Monika"]
[Result "1-0"]
[WhiteElo "2233"]
[BlackElo "1923"]
[PlyCount "35"]
[EventDate "2016.01.16"]
[EventType "team-swiss (rapid)"]
[EventRounds "9"]
[EventCountry "POL"]
[SourceTitle "CBM 170 Extra"]
[Source "ChessBase"]
[SourceDate "2016.02.25"]
[SourceVersion "1"]
[SourceVersionDate "2016.02.25"]
[SourceQuality "1"]
[WhiteTeam "Katowice UE"]
[BlackTeam "Warsaw SGH"]
[WhiteTeamCountry "POL"]
[BlackTeamCountry "POL"]

1. e4 c5 2. Nf3 d6 3. d4 cxd4 4. Nxd4 Nf6 5. Nc3 Nc6 6. Bg5 e6 7. Qd2 Be7 8. 0-0-0 0-0 9. f4 Bd7 10. Ndb5 Qa5 11. Kb1 Rfd8 12. Bc4 Be8 13. Bxf6 gxf6 14. Qe2 Rac8 15. Rd3 Bd7 16. Qh5 Bf8 17. Rg3+ Kh8 18. Qxf7 1-0

[Event "Warsaw-ch opA 66th"]
[Site "Warsaw"]
[Date "2013.05.19"]
[Round "9"]
[White "Gluszko, Monika"]
[Black "Borowy, Cezary"]
[Result "0-1"]
[WhiteElo "1914"]
[BlackElo "1842"]
[PlyCount "68"]
[EventDate "2013.05.11"]
[EventType "swiss"]
[EventRounds "9"]
[EventCountry "POL"]
[SourceTitle "CBM 154 Extra"]
[Source "ChessBase"]
[SourceDate "2013.06.25"]
[SourceVersion "2"]
[SourceVersionDate "2013.06.25"]
[SourceQuality "1"]

1. e4 c5 2. Nf3 d6 3. d4 cxd4 4. Nxd4 Nf6 5. Nc3 g6 6. Be3 Bg7 7. f3 0-0 8. Qd2 Nc6 9. 0-0-0 d5 10. Nxc6 bxc6 11. exd5 cxd5 12. Nxd5 Nxd5 13. Qxd5 Qc7 14. Qc5 Qb7 15. Bd4 Bf5 16. Qb5 Qc7 17. Qc5 Qf4+ 18. Be3 Qa4 19. Qc4 Qa5 20. Bd2 Qb6 21. Qb3 Rfc8 22. c3 Qc5 23. Qb5 Qf2 24. Qe2 Qb6 25. Qb5 Qc7 26. g3 Rab8 27. Qa4 Rxb2 28. Kxb2 Bxc3+ 29. Ka3 Qc5+ 30. Kb3 Rb8+ 31. Bb5 Bxd2 32. Rxd2 Rxb5+ 33. Qxb5 Qxb5+ 34. Kc3 Qa5+ 0-1

[Event "Warsaw-ch opA 66th"]
[Site "Warsaw"]
[Date "2013.05.12"]
[Round "2"]
[White "Gluszko, Monika"]
[Black "Kasperkiewicz, Pawel"]
[Result "1-0"]
[WhiteElo "1914"]
[BlackElo "2108"]
[PlyCount "60"]
[EventDate "2013.05.11"]
[EventType "swiss"]
[EventRounds "9"]
[EventCountry "POL"]
[SourceTitle "CBM 154 Extra"]
[Source "ChessBase"]
[SourceDate "2013.06.25"]
[SourceVersion "2"]
[SourceVersionDate "2013.06.25"]
[SourceQuality "1"]

1. e4 c6 2. c4 d5 3. cxd5 cxd5 4. exd5 Nf6 5. Qa4+ Nbd7 6. Nc3 g6 7. Bc4 Bg7 8. Nf3 0-0 9. d3 a6 10. Qa3 Ne8 11. 0-0 Nd6 12. Bg5 h6 13. Bd2 Rb8 14. Ne4 Nf6 15. Nxd6 exd6 16. Bf4 Bg4 17. Bxd6 Rc8 18. Be7 Qb6 19. Bxf8 Bxf8 20. Qb3 Qc7 21. Qd1 Bb4 22. a3 Ba5 23. b4 Bb6 24. Re1 Ne8 25. Rc1 Nd6 26. Bb3 Qd8 27. Rxc8 Qxc8 28. Qe2 Kh7 29. Qe5 Bc7 30. Qf6 Qf5 1-0

[Event "Warsaw-ch opA 66th"]
[Site "Warsaw"]
[Date "2013.05.11"]
[Round "1"]
[White "Sadowski, Miroslaw"]
[Black "Gluszko, Monika"]
[Result "1/2-1/2"]
[WhiteElo "2148"]
[BlackElo "1914"]
[PlyCount "35"]
[EventDate "2013.05.11"]
[EventType "swiss"]
[EventRounds "9"]
[EventCountry "POL"]
[SourceTitle "CBM 154 Extra"]
[Source "ChessBase"]
[SourceDate "2013.06.25"]
[SourceVersion "2"]
[SourceVersionDate "2013.06.25"]
[SourceQuality "1"]

1. d4 Nf6 2. Nf3 g6 3. Bf4 Bg7 4. Nc3 d5 5. Qd2 0-0 6. Ne5 c5 7. e3 Nh5 8. Bg3 Nxg3 9. hxg3 cxd4 10. exd4 Nc6 11. 0-0-0 Qa5 12. Bb5 Nxe5 13. dxe5 Bg4 14. f3 Bf5 15. Nxd5 Qxd2+ 16. Rxd2 Bxe5 17. f4 Bd6 18. Nf6+ 1/2-1/2

[Event "Warsaw YMCA Winter-B 117th"]
[Site "Warsaw"]
[Date "2013.02.25"]
[Round "7"]
[White "Barc, Michal"]
[Black "Gluszko, Monika"]
[Result "1-0"]
[WhiteElo "1870"]
[BlackElo "1942"]
[PlyCount "111"]
[EventDate "2013.01.09"]
[EventType "tourn"]
[EventRounds "11"]
[EventCountry "POL"]
[SourceTitle "EXT 2014"]
[Source "ChessBase"]
[SourceDate "2013.11.20"]
[SourceVersion "1"]
[SourceVersionDate "2013.11.20"]
[SourceQuality "1"]

1. d4 Nf6 2. Nf3 g6 3. c4 Bg7 4. Nc3 d5 5. e3 0-0 6. Be2 c5 7. cxd5 Nxd5 8. 0-0 Nc6 9. Nxd5 Qxd5 10. dxc5 Qxc5 11. Qa4 a6 12. Rd1 b5 13. Qh4 f5 14. a4 Bf6 15. Ng5 Bxg5 16. Qxg5 b4 17. Bf3 Ra7 18. Bd2 Ne5 19. Be2 Be6 20. e4 Nf7 21. Qe3 Qxe3 22. Bxe3 Raa8 23. exf5 Bxf5 24. Bc5 a5 25. Bb5 Rfc8 26. Bxe7 Ne5 27. Bf6 Nc4 28. Rac1 Nb6 29. Rxc8+ Rxc8 30. Rd8+ Kf7 31. Rxc8 Nxc8 32. Bd8 Nd6 33. Ba6 Ke6 34. Bxa5 b3 35. Kf1 Kd5 36. Ke2 Bd7 37. Kd3 Bxa4 38. Bb4 Bc6 39. Bxd6 Kxd6 40. f3 Kc5 41. Kc3 Bd5 42. Be2 g5 43. g3 h5 44. Bd1 h4 45. f4 gxf4 46. gxf4 Be6 47. Bxb3 Bxb3 48. Kxb3 Kd4 49. Ka4 Ke4 50. b4 Kxf4 51. b5 Kg4 52. b6 Kh3 53. b7 Kxh2 54. b8Q+ Kg2 55. Qg8+ Kf3 56. Qg1 1-0

[Event "Warsaw YMCA Winter-B 117th"]
[Site "Warsaw"]
[Date "2013.02.04"]
[Round "4"]
[White "Zurkowski, Andrzej"]
[Black "Gluszko, Monika"]
[Result "1-0"]
[WhiteElo "2005"]
[BlackElo "1942"]
[PlyCount "57"]
[EventDate "2013.01.09"]
[EventType "tourn"]
[EventRounds "11"]
[EventCountry "POL"]
[SourceTitle "EXT 2014"]
[Source "ChessBase"]
[SourceDate "2013.11.20"]
[SourceVersion "1"]
[SourceVersionDate "2013.11.20"]
[SourceQuality "1"]

1. d4 Nf6 2. c4 g6 3. Nc3 Bg7 4. e4 d6 5. f4 0-0 6. Nf3 c5 7. d5 e6 8. Be2 exd5 9. exd5 Re8 10. 0-0 Bf5 11. Bd3 Ne4 12. Nxe4 Bxe4 13. Bxe4 Rxe4 14. Ng5 Rxc4 15. Qe2 Rb4 16. f5 Bf6 17. fxg6 hxg6 18. Nxf7 Kxf7 19. Qe6+ Kg7 20. Rxf6 Qxf6 21. Bh6+ Kxh6 22. Qxf6 Nd7 23. Qxd6 Nb6 24. Re1 Rd4 25. Re6 Rg8 26. Qxc5 Rxd5 27. Qe3+ Kh7 28. Qf3 Rd7 29. Rxb6 1-0

[Event "Warsaw YMCA Winter-B 117th"]
[Site "Warsaw"]
[Date "2013.01.09"]
[Round "1"]
[White "Gluszko, Monika"]
[Black "Szwaj, Jacek"]
[Result "1-0"]
[WhiteElo "1942"]
[BlackElo "1915"]
[PlyCount "79"]
[EventDate "2013.01.09"]
[EventType "tourn"]
[EventRounds "11"]
[EventCountry "POL"]
[SourceTitle "EXT 2014"]
[Source "ChessBase"]
[SourceDate "2013.11.20"]
[SourceVersion "1"]
[SourceVersionDate "2013.11.20"]
[SourceQuality "1"]

1. e4 c5 2. Nf3 d6 3. d4 cxd4 4. Nxd4 Nf6 5. Nc3 a6 6. h3 e5 7. Nde2 Be6 8. g4 h6 9. Bg2 Nbd7 10. 0-0 g5 11. Be3 b5 12. Ng3 Nb6 13. b3 b4 14. Nd5 Nbxd5 15. exd5 Bd7 16. a3 a5 17. axb4 axb4 18. Qd2 Rb8 19. f4 gxf4 20. Bxf4 Bg7 21. Be3 Qc8 22. Qf2 0-0 23. g5 hxg5 24. Bxg5 Nh7 25. Be7 Qc5 26. Bxf8 Kxf8 27. Ra7 Be8 28. Qxc5 dxc5 29. Ne4 Bh6 30. Rc7 Bf4 31. Nxc5 Rb5 32. Nd3 Be3+ 33. Kh1 Bd4 34. d6 e4 35. Bxe4 Nf6 36. Bc6 Bxc6+ 37. Rxc6 Ne4 38. Rc8+ Kg7 39. d7 Rg5 40. d8Q 1-0

[Event "Krakow op-B 23rd"]
[Site "Krakow"]
[Date "2013.01.02"]
[Round "7"]
[White "Marczuk, Anna"]
[Black "Gluszko, Monika"]
[Result "1-0"]
[WhiteElo "1674"]
[BlackElo "1951"]
[PlyCount "123"]
[EventDate "2012.12.27"]
[EventType "swiss"]
[EventRounds "9"]
[EventCountry "POL"]
[SourceTitle "CBM 152 Extra"]
[Source "ChessBase"]
[SourceDate "2013.02.25"]
[SourceVersion "1"]
[SourceVersionDate "2013.02.25"]
[SourceQuality "1"]

1. e4 c5 2. Nf3 d6 3. d4 cxd4 4. Nxd4 Nf6 5. Nc3 a6 6. f3 e6 7. Be3 b5 8. Qd2 Bb7 9. 0-0-0 Nbd7 10. g4 h6 11. h4 b4 12. Nce2 Qa5 13. Kb1 d5 14. Nb3 Qc7 15. exd5 Bxd5 16. Rh3 a5 17. Nf4 a4 18. Nd4 Qb7 19. g5 Ng8 20. g6 Ngf6 21. gxf7+ Kxf7 22. Nxd5 exd5 23. Bb5 Ne5 24. b3 axb3 25. cxb3 Ra5 26. Bf4 Ng6 27. Bc6 Qa6 28. Bc7 Rc5 29. Rc1 Rxc1+ 30. Qxc1 Qd3+ 31. Nc2 Qc3 32. Ne1 Qxc1+ 33. Kxc1 Bc5 34. Bb7 Re8 35. Bg3 Be3+ 36. Kb1 Bd2 37. Nc2 d4 38. Nxd4 Bc3 39. Nb5 Re2 40. Nxc3 bxc3 41. Rh2 Re7 42. Ba6 Ne5 43. Bxe5 Rxe5 44. Kc2 Nd5 45. Bc4 Ke6 46. f4 Rf5 47. Rf2 Kd6 48. Bxd5 Kxd5 49. Kxc3 Ke4 50. a4 g5 51. hxg5 hxg5 52. Re2+ Kf3 53. Re5 Kxf4 54. Rxf5+ Kxf5 55. a5 g4 56. a6 g3 57. a7 g2 58. a8Q g1Q 59. Qd5+ Kf6 60. Qd4+ Qxd4+ 61. Kxd4 Ke6 62. Kc5 1-0

[Event "Krakow op-B 23rd"]
[Site "Krakow"]
[Date "2012.12.30"]
[Round "5"]
[White "Pietrucha, Jaroslaw"]
[Black "Gluszko, Monika"]
[Result "0-1"]
[WhiteElo "1835"]
[BlackElo "1951"]
[PlyCount "178"]
[EventDate "2012.12.27"]
[EventType "swiss"]
[EventRounds "9"]
[EventCountry "POL"]
[SourceTitle "CBM 152 Extra"]
[Source "ChessBase"]
[SourceDate "2013.02.25"]
[SourceVersion "1"]
[SourceVersionDate "2013.02.25"]
[SourceQuality "1"]

1. e4 c5 2. Nf3 Nc6 3. d4 cxd4 4. Nxd4 Nf6 5. Nc3 d6 6. Be2 e5 7. Nb3 Be7 8. 0-0 a5 9. Be3 a4 10. Nd2 d5 11. exd5 Nxd5 12. Nxd5 Qxd5 13. Bf3 Qe6 14. c4 0-0 15. a3 Kh8 16. Bd5 Qg6 17. f4 f5 18. Nf3 e4 19. Nd4 Nxd4 20. Qxd4 Rd8 21. Qc3 Be6 22. Rad1 Rac8 23. Qa5 Bxd5 24. Rxd5 Rxd5 25. Qxd5 Qc6 26. Qxf5 Bf6 27. Rd1 Bxb2 28. Qd7 Qxc4 29. Bd4 Bxd4+ 30. Rxd4 Qc1+ 31. Rd1 Qe3+ 32. Kh1 Rf8 33. Qxa4 Qxf4 34. h3 h6 35. Re1 Qg3 36. Qxe4 b5 37. Qe7 Rc8 38. Qe3 Qh4 39. Qe4 Qf2 40. Qe2 Qc5 41. Rb1 Rb8 42. Qb2 Re8 43. Rc1 Qd5 44. Qc2 Qd6 45. Qb2 Qd3 46. Qc3 Qd5 47. Qc2 Rf8 48. Rd1 Qe5 49. Qd2 Qc5 50. Qc1 Qc4 51. Qxc4 bxc4 52. Rc1 Rc8 53. a4 Kg8 54. Kg1 Kf7 55. Kf2 Ke6 56. Ke3 Kd5 57. Rb1 Re8+ 58. Kd2 Kd4 59. Rb7 c3+ 60. Kd1 g5 61. Rh7 Re6 62. Rf7 Ra6 63. Rd7+ Kc4 64. Kc2 Rxa4 65. Rc7+ Kd4 66. Rd7+ Ke3 67. Kxc3 Kf2 68. Rd2+ Kg3 69. Kd3 Rf4 70. Ke3 Rf1 71. Ke4 Rf4+ 72. Ke3 Rf8 73. Ke4 h5 74. Rd5 Rg8 75. Rd2 g4 76. hxg4 hxg4 77. Kf5 Rf8+ 78. Kg5 Rg8+ 79. Kf5 Kh2 80. Kf4 g3 81. Kf3 Rf8+ 82. Ke3 Kg1 83. Ke4 Rf2 84. Rd3 Kxg2 85. Rd1 Re2+ 86. Kf4 Kf2 87. Rh1 g2 88. Rh2 Re1 89. Kg4 Rh1 0-1

[Event "POL-chT 2nd League"]
[Site "Lazy"]
[Date "2012.09.09"]
[Round "9"]
[White "Andrzejewska, Anna"]
[Black "Gluszko, Monika"]
[Result "1-0"]
[WhiteElo "1990"]
[BlackElo "1990"]
[PlyCount "43"]
[EventDate "2012.09.01"]
[EventType "team-swiss"]
[EventRounds "9"]
[EventCountry "POL"]
[SourceTitle "EXT 2019"]
[Source "ChessBase"]
[SourceDate "2018.10.10"]
[SourceVersion "1"]
[SourceVersionDate "2018.10.10"]
[SourceQuality "1"]
[WhiteTeam "Zielonka Zieloni"]
[BlackTeam "Warszawa Polonia II"]
[WhiteTeamCountry "POL"]
[BlackTeamCountry "POL"]

1. e4 c5 2. Nf3 d6 3. d4 cxd4 4. Nxd4 Nf6 5. Nc3 a6 6. Bg5 e6 7. f3 h6 8. Be3 b5 9. Qd2 Nbd7 10. 0-0-0 Bb7 11. Kb1 b4 12. Nce2 e5 13. Nf5 d5 14. exd5 Bxd5 15. Nc1 a5 16. f4 e4 17. g4 Be6 18. Bb5 Nxg4 19. Nd4 Ngf6 20. Nxe6 fxe6 21. Bd4 Kf7 22. Bxf6 1-0

[Event "POL-chT 2nd League"]
[Site "Lazy"]
[Date "2012.09.05"]
[Round "5"]
[White "Gluszko, Monika"]
[Black "Dziopa, Malgorzata"]
[Result "1-0"]
[WhiteElo "1990"]
[BlackElo "1792"]
[PlyCount "127"]
[EventDate "2012.09.01"]
[EventType "team-swiss"]
[EventRounds "9"]
[EventCountry "POL"]
[SourceTitle "EXT 2019"]
[Source "ChessBase"]
[SourceDate "2018.10.10"]
[SourceVersion "1"]
[SourceVersionDate "2018.10.10"]
[SourceQuality "1"]
[WhiteTeam "Warszawa Polonia II"]
[BlackTeam "Lubsko Caissa"]
[WhiteTeamCountry "POL"]
[BlackTeamCountry "POL"]

1. e4 e5 2. Nf3 Nf6 3. Nc3 Nc6 4. d4 exd4 5. Nxd4 Bb4 6. Nxc6 Bxc3+ 7. bxc3 dxc6 8. Qxd8+ Kxd8 9. Bg5 h6 10. Bxf6+ gxf6 11. 0-0-0+ Ke7 12. Bd3 Be6 13. Kb2 Rad8 14. f4 Bc8 15. Rhe1 b6 16. Kc1 Bb7 17. Re3 Rhg8 18. g3 Rge8 19. Rde1 Kf8 20. g4 Bc8 21. f5 Re5 22. Rg3 Ke7 23. Rh3 Rh8 24. Rh5 Kf8 25. h4 Kg7 26. Rg1 b5 27. g5 hxg5 28. Rxh8 Kxh8 29. hxg5 Kg7 30. gxf6+ Kxf6 31. Rg8 Bd7 32. Rg4 c5 33. Kd2 Re7 34. Ke3 Ke5 35. Rg8 Re8 36. Rg7 Kf6 37. Rg4 Ke5 38. Be2 Rh8 39. Bf3 a5 40. Rg7 Kf6 41. Rg1 Re8 42. Kf4 b4 43. cxb4 cxb4 44. Rd1 Ba4 45. Rd5 Bxc2 46. Rxa5 b3 47. axb3 Bxb3 48. Rc5 Rb8 49. e5+ Ke7 50. Rxc7+ Kd8 51. Rc6 Rb5 52. Rd6+ Kc7 53. Rh6 Rb4+ 54. Kg5 Rb5 55. Rc6+ Kd7 56. Kf6 Rb8 57. Ra6 Bc4 58. Rd6+ Ke8 59. Bh5 Kf8 60. Rd7 Re8 61. Bxf7 Bxf7 62. Rxf7+ Kg8 63. Ra7 Rf8+ 64. Kg6 1-0

[Event "POL-chT 2nd League"]
[Site "Lazy"]
[Date "2012.09.01"]
[Round "1"]
[White "Gluszko, Monika"]
[Black "Filipek, Halina"]
[Result "1/2-1/2"]
[WhiteElo "1990"]
[BlackElo "1760"]
[PlyCount "90"]
[EventDate "2012.09.01"]
[EventType "team-swiss"]
[EventRounds "9"]
[EventCountry "POL"]
[SourceTitle "EXT 2019"]
[Source "ChessBase"]
[SourceDate "2018.10.10"]
[SourceVersion "1"]
[SourceVersionDate "2018.10.10"]
[SourceQuality "1"]
[WhiteTeam "Warszawa Polonia II"]
[BlackTeam "Grudziadz Rotmistrz"]
[WhiteTeamCountry "POL"]
[BlackTeamCountry "POL"]

1. e4 d6 2. d4 Nf6 3. Nc3 e5 4. Nf3 Nbd7 5. Bc4 Be7 6. 0-0 0-0 7. a4 c6 8. Re1 Qc7 9. Bb3 b6 10. Bg5 Re8 11. Qd2 Nf8 12. d5 c5 13. a5 Bd7 14. Red1 Ng6 15. Bc4 Qb8 16. Bxf6 Bxf6 17. axb6 axb6 18. Nb5 Bxb5 19. Bxb5 Re7 20. Qe1 Rea7 21. Bc6 Rxa1 22. Rxa1 Ra7 23. Nd2 Bd8 24. Nc4 Bc7 25. Bb5 h6 26. g3 Kf8 27. Qd1 Rxa1 28. Qxa1 Qd8 29. Qa7 Ne7 30. Ba6 g6 31. Na3 Qb8 32. Qxb8+ Bxb8 33. Kf1 Ng8 34. Nc4 Bc7 35. Ke2 Nf6 36. Kd3 Nd7 37. Na3 f5 38. f3 fxe4+ 39. fxe4 Nf6 40. Bc8 Ke7 41. Nb5 Bb8 42. Nc3 Ke8 43. Nd1 Bc7 44. c4 Nd7 45. Ne3 b5 1/2-1/2

[Event "Gdansk op 14th"]
[Site "Gdansk"]
[Date "2012.07.22"]
[Round "2"]
[White "Tamon, Radoslaw"]
[Black "Gluszko, Monika"]
[Result "0-1"]
[WhiteElo "1623"]
[BlackElo "2015"]
[PlyCount "84"]
[EventDate "2012.07.22"]
[EventType "swiss"]
[EventRounds "9"]
[EventCountry "POL"]
[SourceTitle "CBM 149 Extra"]
[Source "ChessBase"]
[SourceDate "2012.08.24"]
[SourceVersion "1"]
[SourceVersionDate "2012.08.24"]
[SourceQuality "1"]

1. e4 c5 2. Nf3 d6 3. Bc4 Nf6 4. e5 dxe5 5. Nxe5 e6 6. Qe2 Bd6 7. d3 Qc7 8. Nf3 0-0 9. 0-0 a6 10. a4 b6 11. Be3 Bb7 12. Nbd2 Ng4 13. h3 Nxe3 14. fxe3 Nd7 15. d4 Nf6 16. c3 Nh5 17. Rfc1 Ng3 18. Qf2 Rac8 19. Nf1 Ne4 20. Qe2 Ra8 21. Bd3 Qe7 22. N3d2 Ng5 23. h4 Nh3+ 24. gxh3 Qxh4 25. Qg4 Qh6 26. e4 f5 27. exf5 exf5 28. Bxf5 Rxf5 29. Qxf5 Rf8 30. Qxf8+ Kxf8 31. Kf2 Qxh3 32. Ke1 Qd3 33. dxc5 Be7 34. Nh2 Bh4+ 35. Kd1 Bg5 36. Rc2 Be4 37. Rac1 Bf4 38. Ke1 Bg3+ 39. Kd1 Bxh2 40. Rb1 Qxc2+ 41. Ke2 Bd3+ 42. Ke3 Bf4+ 0-1